00485nam a2200181 a 4500001001300000003000900013005001700022008004100039020001000080082001800090100002100108245003600129260005200165300000800217500003500225505002200260700002100282nice12345678IN_TiNIC20260116012156.0050524s0000 kana grp 000 0 hin  ac10000a922.97bAZA10 aAzad, Abul Kalam aVastawik Swantantrata Islam Men aKanpurbJamiyyat Markazia Tabligh-E-Islamc0000 a13p aincludes index and biblioraphy2 aVarious Documents1 aAzad, Abul Kalam